Mehnersmoos - "3 Uhr Nachts" Lyrics erraten - Statistiken

Allgemein
  • Dieses Quiz wurde 172 mal gespielt
  • Das Durchschnittsergebnis liegt bei 327 aus 487
Antwortstatistiken
Antwort % Korrekt
ich
98%
Ich
98%
hüa
97%
Na
95%
nach
95%
Dein
94%
dein
94%
drei
94%
Drei
94%
uh
94%
Uh
94%
ist
93%
Nacht
93%
auf
91%
Auf
91%
du
91%
nachts
91%
schon
90%
wieder
90%
hab'
89%
hab
89%
Arsch
88%
Uhr
88%
und
88%
Und
88%
Bock
87%
für
86%
Arschloch
85%
er
85%
nicht
85%
den
83%
mein
82%
Mein
82%
oh
82%
Oh
82%
über
81%
am
80%
was
79%
Was
79%
es
78%
Freund
78%
Jetzt
78%
mehr
78%
mich
78%
no
78%
vom
78%
wurde
78%
die
77%
komm'
77%
komm
77%
ein
76%
Leben
75%
LKW
75%
vor
75%
gestern
74%
hat
74%
so
74%
vergeben
74%
bei
73%
Ja
73%
Date
72%
Nein
72%
nein
72%
um
72%
das
71%
Das
71%
frag'
71%
machst
71%
Tür
71%
übersehen
71%
dann
70%
noch
69%
ab
68%
Doch
68%
doch
68%
hätt'
68%
dir
67%
geh
67%
alle
66%
Alle
66%
wenn
66%
eins
64%
ficke
64%
im
64%
Im
64%
ohne
64%
ruf'
64%
Schwanz
64%
vorbei
64%
zu
64%
an
63%
auf'n
63%
dass
63%
deiner
63%
zwei
63%
in
62%
Kondome
62%
bis
61%
nochmal
61%
Polizei
61%
Bett
60%
bumm
60%
dich
60%
DJ
60%
ganzes
60%
Handy
60%
allein
59%
liege
59%
rein
59%
klar
58%
war
58%
Will
58%
Arschlochficker
57%
bitte
57%
geht
57%
ihr
57%
krieg
57%
mir
57%
sie
57%
Sie
57%
Treffen
57%
Ficken
55%
ficken
55%
ob's
55%
schlapp
54%
aber
53%
Aber
53%
vibriert
53%
hier
52%
steh
52%
wir
52%
einlädst
50%
Mal
50%
möchte
49%
nur
49%
schreibst
48%
yeah
48%
Yeah
48%
Augen
47%
Hoff'
47%
ihren
47%
Dank
46%
Der
46%
der
46%
Vielen
46%
gleich
44%
dem
43%
Frau
43%
Girl
43%
Hallo
43%
kriege
43%
sind
42%
machen
41%
meinen
41%
Doktor
40%
ey
40%
Ey
40%
heißt
40%
Mehnersmoos
40%
spiele
39%
Weil
39%
weil
39%
aus
38%
muss
38%
abgeblasen
37%
egal
37%
rufst
37%
denen
36%
Doktorspiele
36%
Schniedel
36%
einmal
35%
Frankfurt
35%
hinwegkomm'
35%
Warum
35%
Weiber
35%
Zeit
35%
auch
34%
Main
34%
Tag
34%
werd'
34%
besaufen
33%
gehen
33%
Keine
33%
Termine
33%
wars
33%
one
32%
Sentimentalitäten
32%
two
32%
zum
32%
check
31%
danach
31%
Spinnst
31%
waren
31%
komme
30%
sondern
30%
Tschüss
30%
wird
30%
Ah
29%
ah
29%
haben
29%
Rampenlicht
29%
Tränen
28%
dafür
27%
Album
26%
irgendwie
26%
Kaufen
26%
stehen
26%
Angesicht
25%
drüber
25%
Gesicht
25%
nächsten
24%
Pennergang
24%
Sorry
24%
yo
24%
Abend
23%
Genauer
23%
gesagt
23%
guten
23%
Schalten
23%
bald
22%
eingeschaltet
22%
Hören
22%
Bitch
20%
Ähm
9%
Ok
9%
Keine übereinstimmenden Quizze gefunden
Verteilung der Resultate
Anzahl Personen mit jedem Resultat
Perzentil nach korrekt beantworteten Fragen
Ihre Resultats-Entwicklung
Sie haben dieses Quiz noch nicht gespielt